| 000 | 00875 am a22002533u 4500 | ||
|---|---|---|---|
| 001 | 009040062 | ||
| 005 | 20140302113855.0 | ||
| 008 | 720319s1972 xxkad grb f001 0 eng d | ||
| 010 | _a72160099 | ||
| 020 | _a0521082587 | ||
| 040 |
_aUk _cUk |
||
| 043 | _a e-uk--- | ||
| 082 | 0 | 4 |
_a339.20942 _222 _bSTA |
| 100 | 1 |
_a Stark, T. _935080 _q(Thomas) |
|
| 245 | 1 | 4 |
_aThe distribution of personal income in the United Kingdom 1949-1963 / _cThomas Stark. |
| 260 |
_aCambridge, United Kingdom : _bCambridge University Press, _c1972 _e(Bristol, United Kingdom : _fWestern Printing Services Ltd.) |
||
| 300 |
_ax,192 p. : _bchart, tables ; _c24 cm. |
||
| 500 | _aIndex : p. 189-192. | ||
| 504 | _aBibliography : p.185-188. | ||
| 650 | 0 |
_aIncome distribution _zGreat Britain _935081 |
|
| 653 |
_bBUSECO _cFebruary2014 |
||
| 655 |
_vreading book _934232 |
||
| 942 |
_2ddc _k339.20942 STA |
||
| 999 |
_c18033 _d18005 |
||